Statistiques concernant Pays les plus dangereux d'Afrique

Cliquez ici pour prendre le quiz!

Statistiques générales

  • Ce quiz a été pris 336 fois
  • Le résultat moyen est 6 sur 10

Statistiques - réponses

TopPays% Correct
10République démocratique du Congo
86%
5Mali
78%
3Somalie
72%
7Nigeria
70%
1Libye
65%
2Soudan du Sud
52%
9Ethiopie
51%
6Burkina Faso
37%
4République centrafricaine
37%
8Mozambique
33%

Distribution des résultats

Percentile par nombre de réponses

% des personnes avec chaque résultat

Votre développement - résultats

Vous n’avez pas pris ce quiz